Los siete cabritos / (Registro nro. 30627)

Detalles MARC
000 -LEADER
fixed length control field 00256nam a22000977a 4500
008 - FIXED-LENGTH DATA ELEMENTS--GENERAL INFORMATION
fixed length control field 240219b |||||||| |||| 00| 0 eng d
082 ## - DEWEY DECIMAL CLASSIFICATION NUMBER
Classification number C ALOS Ej.1
100 10 - MAIN ENTRY--PERSONAL NAME
Personal name Alonso, Tereisa
Relator term autor
9 (RLIN) 43450
245 ## - TITLE STATEMENT
Title Los siete cabritos /
Statement of responsibility, etc. Tereixa Alonso
942 ## - ADDED ENTRY ELEMENTS (KOHA)
Source of classification or shelving scheme Dewey Decimal Classification
Existencias
Withdrawn status Lost status Source of classification or shelving scheme Damaged status Not for loan Home library Current library Shelving location Date acquired Total Checkouts Full call number Barcode Date last seen Price effective from Koha item type Public note
    Dewey Decimal Classification     Biblored Biblioteca Pública José María del Castillo y Rada Children's Area 02/19/2024   C ALOS Ej.1 35714005561659 02/19/2024 02/19/2024 Books Material Interbibliotecario BibloRed